El problema de la trascendencia en la metafísica actual
Uloženo v:
| Hlavní autor: | |
|---|---|
| Médium: | Kniha |
| Jazyk: | španělština |
| Vydáno: |
Madrid
Rialp
1963
|
| Edice: | Publicaciones de la Facultad de Filosofía y Letras de la Universidad de Navarra. Colección Filosófica, 4
|
| Témata: | |
| Tagy: |
Přidat tag
Žádné tagy, Buďte první, kdo vytvoří štítek k tomuto záznamu!
|
MARC
| LEADER | 00000cam a2200000 a 4500 | ||
|---|---|---|---|
| 001 | UCZ4175 | ||
| 003 | CL-VaPUC | ||
| 008 | 951106e19630000SP |||||||||||||||||spa|d | ||
| 082 | 0 | 4 | |a 110 |b WIL |2 21 |
| 100 | |a Wilhelmsen, Frederick D |e autor |9 348133 | ||
| 245 | 1 | 3 | |a El problema de la trascendencia en la metafísica actual |
| 300 | |a 89 p | ||
| 942 | |c BK | ||
| 945 | |d 19951106 00:00:00 |a cmena | ||
| 260 | |a Madrid |b Rialp |c 1963 | ||
| 600 | 0 | |a Dios |9 314467 | |
| 600 | 0 | |a Tomás de Aquino |d 1220-1274 |c Santo |9 255832 | |
| 650 | 0 | |a Metafísica |9 265649 | |
| 650 | 0 | |a Escuelas filosóficas |9 266232 | |
| 650 | 7 | |a SER |2 CL-VaPUC |9 320176 | |
| 650 | 0 | |a Ontología |9 256850 | |
| 650 | 0 | |a Cristianismo |9 257361 | |
| 650 | 0 | |a Creencia Religiosa |9 316904 | |
| 583 | |a last modification |c 20150416 15:37:50 |k Rodrigo Vera | ||
| 490 | 0 | |a Publicaciones de la Facultad de Filosofía y Letras de la Universidad de Navarra. Colección Filosófica, 4 | |
| 999 | |c 240592 |d 240590 | ||
| 952 | |0 0 |1 0 |4 0 |6 110_000000000000000_WIL_1963 |7 0 |8 P |9 252549 |a BIBEDU |b BIBEDU |c BIBEDU_PB |d 2019-11-18 |i 1594028 |o 110 WIL 1963 |p 1594028 |r 2024-01-25 |w 2019-11-18 |y BK |k FIL | ||